[Event "Viterbo op 6th"]
[Site "Viterbo"]
[Date "2009.05.31"]
[Round "2"]
[White "Porcacchia, Giovanni"]
[Black "Proietti, Tosca"]
[Result "0-1"]
[WhiteElo "1599"]
[BlackElo "1878"]
[PlyCount "36"]
[EventDate "2009.05.30"]
[EventType "swiss"]
[EventRounds "7"]
[EventCountry "ITA"]
[SourceTitle "EXT 2011"]
[Source "ChessBase"]
[SourceDate "2010.11.26"]
[SourceVersion "1"]
[SourceVersionDate "2010.11.26"]
[SourceQuality "1"]

1. c4 Nf6 2. Nc3 g6 3. Nf3 Bg7 4. e4 d6 5. d4 0-0 6. Be2 e5 7. 0-0 exd4 8. Nxd4 Re8 9. f3 Nbd7 10. Bg5 c6 11. Qd2 Nb6 12. Nd1 Qe7 13. Nf2 d5 14. cxd5 cxd5 15. Nb5 a6 16. Nc3 Qc5 17. Be3 Qd6 18. Qd4 Ng4 0-1